Vivre avec Picasso /
Descripción Física:
349 pàgines, [32] pàgines de làmines : il·lustracions ; 24 cm
Otros Autores:
Lake, Carlton
Materias:
Picasso, Pablo, -- 1881-1973
; Gilot, Françoise, -- 1921-
; Pintors -- Espanya -- S. XX -- Biografia
; Biografies
Idioma:
French
MARC
| LEADER | 00000nam a2200000 a 4500 | ||
|---|---|---|---|
| 001 | 24851 | ||
| 005 | 20260324181126.0 | ||
| 008 | 940720s1965 fr a || 001 ||fre|c | ||
| 080 | |a Bib- | ||
| 090 | |a ND813.P53 |b G55 1965 | ||
| 100 | |a Gilot, Françoise, |d 1921- |9 53615 | ||
| 245 | 1 | 0 | |a Vivre avec Picasso / |c Françoise Gilot, Carlton Lake |
| 260 | |a Paris : |b Calmann Lévy, |c cop. 1965 | ||
| 300 | |a 349 pàgines, [32] pàgines de làmines : |b il·lustracions ; |c 24 cm | ||
| 500 | |a Fons Junyer-Canals, C-47 | ||
| 504 | |a Índex | ||
| 600 | 0 | |a Picasso, Pablo, |d 1881-1973 |9 53616 | |
| 600 | 0 | |a Gilot, Françoise, |d 1921- |2 lemac |9 53615 | |
| 650 | 0 | 0 | |a Pintors |z Espanya |y S. XX |9 53617 |v Biografia |
| 655 | 7 | |a Biografies |2 thub | |
| 700 | |a Lake, Carlton |9 53618 | ||
| 908 | |a FMPB |a UB |a UPF |a BMON |a BPEB |a MACBA | ||
| 942 | |2 udc |c ARXIU |n 1 | ||
| 952 | |0 0 |1 0 |2 udc |4 0 |6 BIB874 |7 1 |9 62523 |a Arxiu |b Arxiu |d 2022-06-23 |o Bib-874 |p 24851 |r 2022-06-23 00:00:00 |w 2022-06-23 |y ARXIU | ||
| 999 | |c 82127 |d 82127 | ||